[Event "Ogolnopolska Olimpiada Mlodziezy w Sportach Umyslowych - C14"]
[Site "Walbrzych, Zamek Ksiaz"]
[Date "2013-04-17"]
[Round "8.8"]
[White "Walter, Szymon"]
[Black "Czerniawski, Krzysztof"]
[Result "1-0"]
[WhiteTitle "I+"]
[BlackTitle "I"]
[WhiteElo "1925"]
[BlackElo "1696"]

1. e4 c5 2. Nc3 Nc6 3. f4 g6 4. Nf3 Bg7 5. Bb5 e6 6. Bxc6 dxc6 7. e5 b6 8. Ne4
Bf8 9. O-O Bb7 10. b3 Qc7 11. Bb2 h5 12. Nd6+ Ke7 13. Qe1 Bg7 14. Ng5 Nh6 15.
Qh4 Kf8 16. Ndxf7 Qe7 17. Nxh8 Bxh8 18. Qh3 Ng4 19. Qd3 Kg7 20. h3 Nh6 21. Ne4
Kf7 22. Nd6+ Kg7 23. g3 Rd8 24. Qf3 Rf8 25. Rf2 Kh7 26. g4 h4 27. Raf1 Bg7 28.
Qe4 Bc8 29. Qxc6 Qd7 30. Qe4 Qe7 31. Nxc8 Rxc8 32. c4 Rd8 33. d4 cxd4 34. Bxd4
Qc7 35. Rd1 1-0

[Event "Ogolnopolska Olimpiada Mlodziezy w Sportach Umyslowych - C14"]
[Site "Walbrzych, Zamek Ksiaz"]
[Date "2013-04-17"]
[Round "8.9"]
[White "Fukowski, Pawel"]
[Black "Nowak, Kamil"]
[Result "1/2-1/2"]
[WhiteTitle "I"]
[BlackTitle "II+"]
[WhiteElo "1641"]
[BlackElo "1728"]

1. d4 d5 2. c4 c6 3. Nc3 Nf6 4. e3 e6 5. Bd2 Bd6 6. c5 Bc7 7. f4 b6 8. b4 O-O 9.
Bd3 a5 10. a3 Ba6 11. Bxa6 Nxa6 12. Na4 b5 13. Nb2 Ne4 14. Nf3 a4 15. Nd3 Nb8
16. Qe2 f6 17. O-O-O Nd7 18. Nf2 e5 19. f5 Nxf2 20. Qxf2 e4 21. Nh4 Qe8 22. g4
g5 23. fxg6 hxg6 24. Rdg1 Kg7 25. Qg2 Rh8 26. Be1 Rh7 27. Bg3 Bxg3 28. Qxg3 Qb8
29. Qf2 Qc7 30. Nf5+ gxf5 31. Qxf5 Kh8 32. h4 Rf8 33. Rg2 Qc8 34. Rf2 Qe8 35.
Rg2 Qf7 36. Kd2 Re8 37. Ke2 Qe6 38. Qf4 Rg8 39. Rgg1 Rf8 40. Ke1 Qe7 41. Ke2 Nb8
42. Rf1 Nd7 43. Rfg1 Rff7 44. Qf5 Nf8 45. Rf1 Qe6 46. Qf4 Ng6 47. Qb8+ Rf8 48.
Qg3 Qe7 49. h5 Qg7 50. hxg6 Qxg6 51. Rxh7+ Kxh7 52. Rh1+ Kg7 53. Ke1 Rf7 54. Qh4
Rf8 55. Ke2 Rg8 1/2-1/2

[Event "Ogolnopolska Olimpiada Mlodziezy w Sportach Umyslowych - C14"]
[Site "Walbrzych, Zamek Ksiaz"]
[Date "2013-04-17"]
[Round "8.10"]
[White "Szostko, Jakub"]
[Black "Szulc, Filip"]
[Result "1-0"]
[WhiteTitle "I+"]
[BlackTitle "II+"]
[WhiteElo "1858"]
[BlackElo "1615"]

1. c4 e5 2. Nc3 Nf6 3. Nf3 Nc6 4. g3 Bc5 5. Bg2 d6 6. O-O Be6 7. d3 h6 8. a3 Qd7
9. e3 e4 10. Nd4 Nxd4 11. exd4 Bxd4 12. Nxe4 Nxe4 13. Bxe4 O-O-O 14. Be3 Bxe3
15. fxe3 d5 16. cxd5 Bxd5 17. Bxd5 Qxd5 18. d4 Kb8 19. Rc1 Rhe8 20. Rc3 Re7 21.
Qg4 f6 22. Rfc1 Rdd7 23. b4 Re4 24. Qf3 Ree7 25. Rxc7 Rxc7 26. Qxd5 Rxc1+ 27.
Kf2 Kc8 28. Qg8+ Kc7 29. Qf8 Rc2+ 30. Kf3 Rd7 31. h4 Rc3 32. a4 Rc6 33. b5 Rcd6
34. a5 Rd5 35. Qb4 R5d6 36. g4 Rd8 37. Qc5+ Kb8 38. b6 a6 39. Qc7+ Ka8 40. Qxg7
Kb8 41. h5 Ka8 42. Qxh6 f5 43. Qg7 fxg4+ 44. Kxg4 R6d7 45. Qg5 Re8 46. h6 Rh8
47. d5 Rd6 48. Kh5 Rd7 49. e4 Re8 50. Qg6 Rde7 51. h7 Re5+ 52. Kh6 Rd8 53. Qf6
Ree8 54. e5 1-0

[Event "Ogolnopolska Olimpiada Mlodziezy w Sportach Umyslowych - C14"]
[Site "Walbrzych, Zamek Ksiaz"]
[Date "2013-04-17"]
[Round "8.11"]
[White "Michalski, Filip"]
[Black "Zaleski, Lukasz"]
[Result "1/2-1/2"]
[WhiteTitle "II"]
[BlackTitle "I"]
[WhiteElo "1665"]
[BlackElo "1791"]

1. d4 Nf6 2. c4 e6 3. Nc3 Bb4 4. e3 b6 5. Nf3 Bb7 6. Bd3 O-O 7. O-O Bxc3 8. bxc3
Ne4 9. Qc2 f5 10. Bb2 d6 11. Nd2 Nxd2 12. Qxd2 Nd7 13. Rae1 Nf6 14. f3 Qd7 15.
e4 fxe4 16. fxe4 e5 17. Qg5 Qg4 18. Bc1 h6 19. Qe3 Nd7 20. h3 Qg6 21. Bb2 Rxf1+
22. Rxf1 Rf8 23. Rxf8+ Kxf8 24. Qe2 Nf6 25. d5 Qg5 26. Qe1 Bc8 27. Bc1 Qg6 28.
Kh2 Bd7 29. Bc2 Be8 30. Ba3 Kg8 31. Kg1 Qh7 32. Kf2 Bg6 33. Kf3 Bh5+ 34. g4 Be8
35. Bc1 Qg6 36. Qh4 Qf7 37. Ke3 Nxd5+ 38. cxd5 Qf4+ 39. Kd3 Qxc1 40. Qd8 Qf1+
41. Kd2 Qb5 42. Qxc7 Qd7 43. Qc4 Qb5 44. Qc7 Qd7 45. Qc4 Qf7 46. Qc8 Qf4+ 47.
Kd1 Qf1+ 48. Kd2 Qf4+ 49. Kd1 Qf3+ 50. Kd2 Qf2+ 51. Kd1 Qg1+ 52. Kd2 Qf2+ 53.
Kd1 Qf1+ 54. Kd2 1/2-1/2

[Event "Ogolnopolska Olimpiada Mlodziezy w Sportach Umyslowych - C14"]
[Site "Walbrzych, Zamek Ksiaz"]
[Date "2013-04-17"]
[Round "8.12"]
[White "Snihur, Adam"]
[Black "Oleszek, Maciej"]
[Result "1/2-1/2"]
[WhiteTitle "II"]
[BlackTitle "II+"]
[WhiteElo "1683"]
[BlackElo "1667"]

1. e4 c5 2. Nf3 a6 3. d4 cxd4 4. Nxd4 Nf6 5. Nc3 e5 6. Nf5 d5 7. Ng3 d4 8. Nb1
Bc5 9. Bd3 O-O 10. O-O Nc6 11. a3 Be6 12. Nd2 Bg4 13. Nf3 b5 14. h3 Be6 15. Bg5
Rc8 16. Nh2 Be7 17. Bxf6 Bxf6 18. Ng4 Bg5 19. Qf3 Qd7 20. a4 Bc4 21. axb5 Bxb5
22. Nf5 g6 23. Bxb5 axb5 24. Qg3 f6 25. Qb3+ Kh8 26. Ng3 f5 27. exf5 gxf5 28.
Nh2 Ne7 29. Nf3 Bf6 30. Nh5 e4 31. Nxf6 Rxf6 32. Ne5 Qb7 33. Nf7+ Kg7 34. Ne5
Qc7 35. Qxb5 Rb6 36. Qa5 Rxb2 37. Qxc7 Rxc7 38. Rad1 Rb5 39. f4 Rd5 40. Rf2 Ng6
41. Nxg6 hxg6 42. Rfd2 Rc4 43. g3 Kf6 44. g4 Rd8 45. Kg2 Ke6 46. Ra1 Kd5 47. Ra5+
Rc5 48. Ra4 Rc4 1/2-1/2

[Event "Ogolnopolska Olimpiada Mlodziezy w Sportach Umyslowych - C14"]
[Site "Walbrzych, Zamek Ksiaz"]
[Date "2013-04-17"]
[Round "8.13"]
[White "Fudalej, Slawomir"]
[Black "Belczewski, Jacek"]
[Result "0-1"]
[WhiteTitle "II+"]
[BlackTitle "II+"]
[WhiteElo "1620"]
[BlackElo "1650"]

1. e4 e6 2. d4 d5 3. Nc3 Bb4 4. exd5 exd5 5. Bd3 Nf6 6. a3 Bd6 7. Nf3 O-O 8. O-O
Bg4 9. h3 Bh5 10. Bg5 c6 11. Be2 Nbd7 12. Ne5 Bxe2 13. Qxe2 Qc7 14. Nf3 Rfe8 15.
Qd2 Ne4 16. Nxe4 Rxe4 17. Rfe1 Rae8 18. Rxe4 Rxe4 19. Qd3 h6 20. Be3 Nf6 21. Re1
Qe7 22. Nd2 Re6 23. c4 dxc4 24. Nxc4 Nd5 25. Nxd6 Qxd6 26. Bd2 Nf4 27. Rxe6 Nxe6
28. Be3 Qd5 29. Qc3 f5 30. f3 Kf7 31. Qb4 b6 32. Qa4 a5 33. Kh2 c5 34. Qb5 Qd6+
35. Kh1 f4 36. Bf2 Nxd4 37. Bxd4 cxd4 38. Qf5+ Ke7 39. Qe4+ Kf6 40. Qd3 Qe5 41.
Qa6 Qc5 42. Qd3 Qc1+ 43. Kh2 Qc5 44. Qe4 Qd6 45. Qd3 Qd5 46. Qa6 d3 47. Qxb6+
Kf7 48. Qc7+ Kg8 49. Qc8+ Kh7 50. Qc1 d2 51. Qc2+ Kg8 52. Qd1 Qd3 53. b4 axb4
54. axb4 Qd4 55. b5 Qf2 56. Qb3+ Kh8 57. Qc2 Qg3+ 58. Kh1 Qe1+ 59. Kh2 d1=Q 60.
Qc8+ Kh7 61. Qf5+ Kg8 62. Qc8+ Kf7 63. Qc7+ Qe7 64. Qxf4+ Kg6 65. Qg4+ Kh7 66.
Qf5+ Kh8 67. Qc8+ Qdd8 68. Qg4 Qe5+ 69. f4 Qxb5 70. Qf3 Qbd5 71. Qe3 Q8d6 72.
Qe8+ Kh7 73. Qe3 Qd4 74. Qxd4 Qxd4 0-1

[Event "Ogolnopolska Olimpiada Mlodziezy w Sportach Umyslowych - C14"]
[Site "Walbrzych, Zamek Ksiaz"]
[Date "2013-04-17"]
[Round "8.14"]
[White "Bandyk, Sebastian"]
[Black "Mockun, Dawid"]
[Result "1/2-1/2"]
[WhiteTitle "II+"]
[BlackTitle "II+"]
[WhiteElo "1582"]
[BlackElo "1749"]

1. e4 e6 2. d4 d5 3. Nc3 dxe4 4. Nxe4 Nd7 5. Nf3 Ngf6 6. Nxf6+ Nxf6 7. Bd3 Be7
8. O-O O-O 9. Bf4 b6 10. c3 Bb7 11. Re1 c5 12. Qe2 cxd4 13. Nxd4 Qd5 14. Nf3 Rad8
15. Rad1 Qc6 16. Bg3 Nh5 17. Qc2 Nf6 18. Bh4 h6 19. Bf1 Rd5 20. Ne5 Qc8 21. Rxd5
Bxd5 22. c4 Bb7 23. Rd1 Rd8 24. Bd3 Qc7 25. f4 Kf8 26. Bf2 Bc5 27. Be2 Bxf2+ 28.
Kxf2 Qc5+ 29. Kf1 Rd4 30. Rxd4 Qxd4 31. g3 Ne4 32. Bd3 g6 33. Qe2 Nc5 34. Bc2
Qxb2 35. Qd2 Qa1+ 36. Ke2 Qg1 37. Qd8+ Kg7 38. Ng4 Qg2+ 39. Ke1 Qxc2 40. Qf6+
Kf8 41. Qd8+ Kg7 42. Qf6+ Kf8 43. Qd8+ Kg7 44. Qf6+ Kg8 45. Qd8+ Kh7 46. Nf6+
Kg7 47. Ne8+ Kg8 48. Nf6+ Kg7 1/2-1/2

[Event "Ogolnopolska Olimpiada Mlodziezy w Sportach Umyslowych - C14"]
[Site "Walbrzych, Zamek Ksiaz"]
[Date "2013-04-17"]
[Round "8.15"]
[White "Kaczkowski, Maciej"]
[Black "Klementowski, Dawid"]
[Result "1/2-1/2"]
[WhiteTitle "II"]
[BlackTitle "I"]
[WhiteElo "1651"]
[BlackElo "1734"]

1. e4 c5 2. Nf3 Nf6 3. e5 Nd5 4. d4 cxd4 5. Qxd4 e6 6. Bc4 Nc6 7. Qd1 Nb6 8. Bb3
Qc7 9. Qe2 Be7 10. O-O O-O 11. Nc3 a6 12. Bf4 Bb4 13. Na4 Nxa4 14. Bxa4 Ne7 15.
a3 Bc5 16. c4 Ng6 17. Bg3 b6 18. b4 Be7 19. Rfd1 Rd8 20. Bc2 Bb7 21. Be4 Bxe4
22. Qxe4 Rdc8 23. Rac1 a5 24. Qd3 axb4 25. axb4 Bxb4 26. Qxd7 Qxd7 27. Rxd7 Rxc4
28. Rcd1 Rcc8 29. h4 Rab8 30. Rb1 Ba5 31. Ng5 Nf8 32. Ra7 Ra8 33. Rb7 Rcb8 34.
Re7 Re8 35. Rb7 Rab8 36. Ra7 Ra8 37. Rb7 Reb8 38. Re7 Re8 39. Rb7 Rab8 40. Ra7
Ra8 41. Rb7 Reb8 42. Re7 Re8 43. Rb7 Rab8 44. Ra7 Ra8 45. Rb7 Reb8 46. Re7 Re8
47. Rb7 Rab8 48. Ra7 Ra8 49. Rb7 Reb8 50. Re7 1/2-1/2

[Event "Ogolnopolska Olimpiada Mlodziezy w Sportach Umyslowych - C14"]
[Site "Walbrzych, Zamek Ksiaz"]
[Date "2013-04-17"]
[Round "8.16"]
[White "Adamczyk, Pawel"]
[Black "Ruttar, Lukasz"]
[Result "0-1"]
[WhiteTitle "II"]
[BlackTitle "II"]
[WhiteElo "1645"]
[BlackElo "1471"]

1. e4 e5 2. Nf3 Nc6 3. d4 exd4 4. Nxd4 Bc5 5. Be3 Qf6 6. Nb5 Bxe3 7. fxe3 Qh4+
8. g3 Qxe4 9. Nxc7+ Kd8 10. Nxa8 Qxh1 11. Qd6 Nf6 12. Nc3 Qf3 13. Nc7 Qxe3+ 14.
Be2 Nd4 15. Rd1 Nf3+ 0-1

[Event "Ogolnopolska Olimpiada Mlodziezy w Sportach Umyslowych - C14"]
[Site "Walbrzych, Zamek Ksiaz"]
[Date "2013-04-17"]
[Round "8.17"]
[White "Kotarski, Bartosz"]
[Black "Slomczewski, Michal"]
[Result "1-0"]
[WhiteTitle "II"]
[BlackTitle "II"]
[WhiteElo "1449"]
[BlackElo "1541"]

1. e4 e6 2. d4 d5 3. Nd2 dxe4 4. Nxe4 Nd7 5. Bd3 Ngf6 6. Nf3 Nxe4 7. Bxe4 Nf6 8.
Bg5 c5 9. O-O Be7 10. Bd3 O-O 11. Re1 Qc7 12. dxc5 Qxc5 13. Ne5 Nd5 14. Bxe7 Qxe7
15. c4 Nf6 16. Re3 b6 17. g4 g6 18. Rh3 Bb7 19. g5 Ne4 20. Bxe4 Bxe4 21. Qd2 Bf5
22. Rh6 Rad8 23. Qf4 Rd4 24. Qxd4 Qxg5+ 25. Ng4 Bxg4 26. Qe3 Qxe3 27. fxe3 Bh5
28. Rxh5 gxh5 29. Rd1 Rc8 30. b3 Rc7 31. Kf2 Kg7 32. Kg3 f5 33. Kh4 Kf6 34. Kg3
Ke5 35. Kf3 Rg7 36. a4 Rf7 37. a5 f4 38. Ra1 fxe3+ 39. Kxe3 b5 40. cxb5 Rb7 41.
b6 axb6 42. a6 Ra7 43. b4 b5 44. Ra5 Kd6 45. Kd4 e5+ 46. Ke4 h4 47. h3 h6 48.
Ra1 Ke6 49. Ra2 Kd6 50. Rg2 h5 51. Rg6+ Kc7 52. Kxe5 Kb8 53. Kd5 Rf7 54. Kc6 Ka7
55. Kxb5 Rf8 56. Ka5 Kb8 57. Kb6 Ka8 58. Rh6 Kb8 59. b5 Ka8 60. Rxh5 1-0

[Event "Ogolnopolska Olimpiada Mlodziezy w Sportach Umyslowych - C14"]
[Site "Walbrzych, Zamek Ksiaz"]
[Date "2013-04-17"]
[Round "8.18"]
[White "Badyra, Wasyl"]
[Black "Szustakowski, Antoni"]
[Result "1-0"]
[WhiteTitle "II"]
[BlackTitle "II"]
[WhiteElo "1681"]
[BlackElo "1531"]

1. e4 c6 2. Nc3 d5 3. Nf3 dxe4 4. Nxe4 Nd7 5. Bc4 e6 6. Qe2 h6 7. d3 Ngf6 8. O-O
Be7 9. Rd1 O-O 10. a4 b6 11. Bf4 Bb7 12. Ne5 a6 13. Nxf7 Rxf7 14. Bxe6 Qf8 15.
Re1 Re8 16. g4 Bb4 17. Bxf7+ Qxf7 18. Bd2 Bxd2 19. Qxd2 Nxg4 20. f4 Ngf6 21. Nd6
Rxe1+ 22. Qxe1 Qg6+ 23. Qg3 Qxg3+ 24. hxg3 Ba8 25. c4 c5 26. a5 bxa5 27. Rxa5
Bf3 28. Kf2 Bh1 29. Rxa6 Kf8 30. Ke3 Nb8 31. Ra5 Nbd7 32. Ne4 Bxe4 33. dxe4 Ke7
34. e5 Ne8 35. Ra6 Nc7 36. Rg6 Ne8 37. Ke4 Kf7 38. Ra6 Ke7 39. f5 Nc7 40. Rc6
Ne8 41. Kd5 Kd8 42. g4 Nc7+ 43. Ke4 Ne8 44. Kf4 Ke7 45. e6 Ndf6 46. Rxc5 Kd6 47.
Ra5 Nc7 48. b4 Kc6 49. g5 hxg5+ 50. Kxg5 Nce8 51. Kg6 Kb6 52. Kf7 Kb7 53. b5 Kb6
54. Ra8 Nd6+ 55. Kxg7 1-0

[Event "Ogolnopolska Olimpiada Mlodziezy w Sportach Umyslowych - C14"]
[Site "Walbrzych, Zamek Ksiaz"]
[Date "2013-04-17"]
[Round "8.19"]
[White "Pytel, Przemyslaw"]
[Black "Krasinski, Mateusz"]
[Result "1-0"]
[WhiteTitle "II"]
[BlackTitle "II"]
[WhiteElo "1389"]
[BlackElo "1646"]

1. e4 c5 2. Nf3 d6 3. d4 cxd4 4. Nxd4 Nf6 5. Nc3 g6 6. f3 Bg7 7. Be3 Nc6 8. Qd2
O-O 9. O-O-O Bd7 10. g4 Ne5 11. h4 h5 12. g5 Ne8 13. Be2 Rc8 14. Rde1 Nc4 15.
Bxc4 Rxc4 16. f4 e5 17. fxe5 Bxe5 18. b3 Rc8 19. Nd5 Nc7 20. Nf6+ Kg7 21. Nxd7
Qxd7 22. Nf3 Qc6 23. Qd3 Ne6 24. Kb1 Qc3 25. Nxe5 Qxe5 26. Qd5 Qc3 27. Qd3 Qxd3
28. cxd3 Rc3 29. Rd1 b6 30. Bc1 Rc6 31. Bb2+ Kg8 32. d4 Nf4 33. Rd2 Rc7 34. Ba3
Rd8 35. d5 Re7 36. Re1 Kf8 37. Kc2 Rc7+ 38. Kd1 Kg8 39. Rf1 Nh3 40. Rf3 Ng1 41.
Rg3 Re7 42. Rxg1 Rxe4 43. Rh1 a5 44. Bb2 1-0

[Event "Ogolnopolska Olimpiada Mlodziezy w Sportach Umyslowych - C14"]
[Site "Walbrzych, Zamek Ksiaz"]
[Date "2013-04-17"]
[Round "8.20"]
[White "Domanski, Lukasz"]
[Black "Choina, Michal"]
[Result "1-0"]
[WhiteTitle "II"]
[BlackTitle "II"]
[WhiteElo "1637"]
[BlackElo "1575"]

1. e4 c5 2. Nf3 e6 3. c3 Nc6 4. d4 cxd4 5. cxd4 d5 6. Nc3 dxe4 7. Nxe4 Be7 8. Be2
Nf6 9. Nxf6+ Bxf6 10. Be3 O-O 11. O-O b6 12. Qc2 Bb7 13. Bd3 h6 14. Qd2 Re8 15.
a3 Na5 16. Rad1 Bxf3 17. gxf3 Nb3 18. Qb4 Na5 19. Be4 Rc8 20. Kh1 Qe7 21. Qe1
Nc4 22. Bc1 Nd6 23. Rg1 Kh8 24. Qf1 Qf8 25. Qh3 Rxc1 26. Rxc1 Bxd4 27. Rg2 Bxb2
28. Rcg1 Bf6 29. Bb1 Nb5 30. f4 Qxa3 31. Qh5 Qf8 32. Qxb5 1-0

[Event "Ogolnopolska Olimpiada Mlodziezy w Sportach Umyslowych - C14"]
[Site "Walbrzych, Zamek Ksiaz"]
[Date "2013-04-17"]
[Round "8.21"]
[White "Szmer, Aleksander"]
[Black "Kozakow, Aleksy"]
[Result "1-0"]
[WhiteTitle "I"]
[BlackTitle "II+"]
[WhiteElo "1739"]
[BlackElo "1619"]

1. e4 e5 2. Nf3 Nc6 3. Bc4 d6 4. d4 exd4 5. Nxd4 Ne5 6. Be2 c5 7. Nb3 Nf6 8. Nc3
Be7 9. O-O O-O 10. h3 Nc6 11. Be3 a6 12. f4 b5 13. Bf3 Bb7 14. g4 b4 15. Ne2 Qc8
16. Ng3 c4 17. Nd4 Nxd4 18. Bxd4 Re8 19. Qe2 c3 20. bxc3 bxc3 21. Qg2 Qc4 22.
Rad1 Qxa2 23. g5 Nd7 24. Nf5 Bf8 25. h4 Qe6 26. Rfe1 a5 27. Nh6+ gxh6 28. f5 1-0

[Event "Ogolnopolska Olimpiada Mlodziezy w Sportach Umyslowych - C14"]
[Site "Walbrzych, Zamek Ksiaz"]
[Date "2013-04-17"]
[Round "8.23"]
[White "Rudecki, Bartosz"]
[Black "Molenda, Mikolaj"]
[Result "0-1"]
[WhiteTitle "II"]
[BlackTitle "II"]
[WhiteElo "1649"]
[BlackElo "1346"]

1. e4 c5 2. Nf3 e6 3. d4 cxd4 4. Nxd4 Nc6 5. Nc3 Qc7 6. Be2 a6 7. O-O Nf6 8. Kh1
Nxd4 9. Qxd4 Bc5 10. Qd3 b5 11. f4 d6 12. Be3 Bb7 13. Bf3 Bxe3 14. Qxe3 b4 15.
Ne2 a5 16. c3 bxc3 17. Nxc3 Bc6 18. Rac1 Qb7 19. e5 Bxf3 20. Qxf3 Qxf3 21. Rxf3
dxe5 22. fxe5 Nd7 23. Nb5 Ke7 24. Rc7 Rac8 25. Rxf7+ Kxf7 26. Nd6+ Kg6 27. Nxc8
Nxe5 28. Nb6 Rb8 29. Na4 Rd8 30. h3 Nd3 31. Rc2 Nb4 32. Re2 Kf6 33. Nc5 e5 34.
a3 Nc6 35. Ne4+ Kf5 36. g4+ Kf4 37. Nc5 Kf3 38. Re1 Rd2 39. Rf1+ Ke3 40. Re1+
Kf3 41. Rf1+ Rf2 42. Rd1 Rxb2 43. Rd3+ Ke2 44. Rg3 Rb1+ 45. Kh2 Rf1 46. Ne4 Nd4
47. Rc3 Nf3+ 0-1

[Event "Ogolnopolska Olimpiada Mlodziezy w Sportach Umyslowych - C14"]
[Site "Walbrzych, Zamek Ksiaz"]
[Date "2013-04-17"]
[Round "9.1"]
[White "Bilczewski, Kacper"]
[Black "Tomczak, Mikolaj"]
[Result "1/2-1/2"]
[WhiteTitle "I"]
[BlackTitle "I+"]
[WhiteElo "1791"]
[BlackElo "1990"]

1. e4 c5 2. c3 Nf6 3. e5 Nd5 4. d4 cxd4 5. cxd4 e6 6. a3 d6 7. Nf3 Nd7 8. Bd3 Qc7
9. exd6 Bxd6 10. O-O O-O 11. Nbd2 N7f6 12. Nc4 b6 13. Nxd6 Qxd6 14. Ne5 Bb7 15.
Qf3 Nd7 16. Qh3 f5 17. Qg3 Nxe5 18. dxe5 Qd7 19. f4 Bc6 20. Bd2 Bb5 21. Bxb5 Qxb5
22. b4 Qa4 23. Rac1 Rac8 24. Qd3 Rfd8 25. Rxc8 Rxc8 26. Rc1 Rxc1+ 27. Bxc1 Kf7
28. Kf2 Qc6 29. Bd2 h6 30. h4 g6 31. g3 Ne7 32. Qc3 Qh1 33. Qf3 Qb1 34. Qc3 Nd5
35. Qc6 Qa2 36. Qd7+ Ne7 37. a4 Qd5 38. Qxd5 Nxd5 39. Ke2 Ke8 40. Kd3 Kd7 41.
Kd4 Kc6 42. Kc4 Nc7 43. b5+ Kd7 44. Be3 Nd5 45. Bf2 1/2-1/2

[Event "Ogolnopolska Olimpiada Mlodziezy w Sportach Umyslowych - C14"]
[Site "Walbrzych, Zamek Ksiaz"]
[Date "2013-04-17"]
[Round "9.2"]
[White "Januszkiewicz, Wojciech"]
[Black "Winiarski, Mikolaj"]
[Result "1-0"]
[WhiteTitle "I"]
[BlackTitle "I+"]
[WhiteElo "1729"]
[BlackElo "2096"]

1. d4 Nf6 2. f3 d5 3. e4 dxe4 4. Nc3 exf3 5. Nxf3 c6 6. Bd3 Bg4 7. O-O e6 8. h3
Bxf3 9. Qxf3 Be7 10. Qf2 Nbd7 11. Bg5 h6 12. Qh4 Qa5 13. Bd2 O-O-O 14. a3 Qc7
15. Qf2 Bd6 16. b4 Nb6 17. Ne2 Na4 18. Rab1 h5 19. c4 h4 20. c5 Bh2+ 21. Kh1 Bg3
22. Qe3 Nd5 23. Qf3 f6 24. b5 Kd7 25. bxc6+ bxc6 26. Bc2 Nab6 27. cxb6 axb6 28.
Bb3 Bd6 29. Bxd5 cxd5 30. Rfc1 Qa7 31. Qb3 Rb8 32. a4 Rhc8 33. Nc3 Rc4 34. Qb5+
Ke7 35. Re1 Rxd4 36. Be3 Rc4 37. Nxd5+ 1-0

[Event "Ogolnopolska Olimpiada Mlodziezy w Sportach Umyslowych - C14"]
[Site "Walbrzych, Zamek Ksiaz"]
[Date "2013-04-17"]
[Round "9.3"]
[White "Witczak, Jakub"]
[Black "Grela, Kacper"]
[Result "1/2-1/2"]
[WhiteTitle "II+"]
[BlackTitle "I"]
[WhiteElo "1749"]
[BlackElo "1979"]

1. e4 e5 2. Nf3 Nc6 3. Bb5 a6 4. Ba4 d6 5. Bxc6+ bxc6 6. d4 exd4 7. Qxd4 c5 8.
Qd3 g6 9. O-O Bg7 10. c4 Ne7 11. Nc3 O-O 12. Bf4 f6 13. Nd5 Bb7 14. Rfe1 Qd7 15.
Bd2 Nc6 16. Bc3 Rae8 17. Re2 Qf7 18. Rae1 Bc8 19. a3 Be6 20. b4 cxb4 21. axb4
Ne5 22. Nxe5 dxe5 23. Ra2 c6 24. Nb6 Rd8 25. Qe2 Qb7 26. Na4 Qf7 27. Nb6 Qb7 28.
Na4 Qf7 29. Nb6 Qb7 30. Na4 Qf7 31. Nb6 Qb7 32. Na4 1/2-1/2

[Event "Ogolnopolska Olimpiada Mlodziezy w Sportach Umyslowych - C14"]
[Site "Walbrzych, Zamek Ksiaz"]
[Date "2013-04-17"]
[Round "9.4"]
[White "Janik, Igor"]
[Black "Pham, Juliusz"]
[Result "1-0"]
[WhiteTitle "I+"]
[BlackTitle "I"]
[WhiteElo "1889"]
[BlackElo "1795"]

1. e4 e5 2. Nf3 Nc6 3. Bc4 Bc5 4. O-O Nf6 5. d3 d6 6. c3 a6 7. b4 Ba7 8. Nbd2 O-O
9. Re1 Nh5 10. Nf1 Qf6 11. Bg5 Qg6 12. Qd2 h6 13. Be3 Be6 14. Ng3 Bxe3 15. Rxe3
Nf4 16. Ne1 Qf6 17. Ne2 g5 18. Bxe6 fxe6 19. Nxf4 exf4 20. Re2 Kh8 21. d4 e5 22.
Rd1 Rad8 23. a4 g4 24. b5 axb5 25. axb5 Nb8 26. f3 h5 27. Qd3 Nd7 28. Qc4 Rc8
29. Qd5 Rb8 30. Qc4 Rbc8 31. Ra2 Nb6 32. Qe2 Qg7 33. dxe5 dxe5 34. Rad2 g3 35.
hxg3 Qxg3 36. c4 Na4 37. Rd7 Nc3 38. Qb2 Nxd1 39. Qxe5+ Kg8 40. Qe6+ Kh8 41. Qh6+
1-0

[Event "Ogolnopolska Olimpiada Mlodziezy w Sportach Umyslowych - C14"]
[Site "Walbrzych, Zamek Ksiaz"]
[Date "2013-04-17"]
[Round "9.5"]
[White "Walter, Szymon"]
[Black "Janiszewski, Filip"]
[Result "1-0"]
[WhiteTitle "I+"]
[BlackTitle "I"]
[WhiteElo "1925"]
[BlackElo "1745"]

1. e4 c5 2. Nc3 Nc6 3. f4 e6 4. Nf3 d5 5. Bb5 Nge7 6. O-O dxe4 7. Nxe4 a6 8. Bxc6+
Nxc6 9. d3 Be7 10. Be3 b6 11. Ne5 Nd4 12. Bxd4 Qxd4+ 13. Kh1 Bb7 14. c3 Qd5 15.
Nc4 f5 16. Ne3 Qc6 17. Nd2 O-O-O 18. Ndc4 Bf6 19. Qb3 Kc7 20. Rad1 Rhg8 21. Ne5
Bxe5 22. fxe5 g5 23. Rf2 g4 24. Rf4 h5 25. d4 h4 26. d5 exd5 27. Nxf5 Rde8 28.
Re1 h3 29. Nd6 Re7 30. Rf6 g3 31. hxg3 Rxg3 32. Ne4 dxe4 33. Rxc6+ Bxc6 34. Rg1
e3 35. Qd1 Rxg2 36. Qd6+ Kb7 37. Qxe7+ Kc8 38. Rxg2 hxg2+ 39. Kg1 e2 40. Qh4 Bf3
41. e6 Kc7 42. Qg3+ Kc8 43. Kf2 1-0

[Event "Ogolnopolska Olimpiada Mlodziezy w Sportach Umyslowych - C14"]
[Site "Walbrzych, Zamek Ksiaz"]
[Date "2013-04-17"]
[Round "9.6"]
[White "Koziol, Kamil"]
[Black "Adamczewski, Maciej"]
[Result "1/2-1/2"]
[WhiteTitle "I++"]
[BlackTitle "I"]
[WhiteElo "2006"]
[BlackElo "1810"]

1. e4 c5 2. Nf3 Nc6 3. d4 cxd4 4. Nxd4 Qb6 5. Nb3 Nf6 6. Nc3 e6 7. Bd3 Be7 8. O-O
O-O 9. Be3 Qc7 10. f4 d6 11. Qf3 a6 12. Rae1 Rb8 13. Bd2 e5 14. f5 b5 15. Bg5
Nb4 16. Kh1 Bb7 17. a3 Nxd3 18. cxd3 Nxe4 19. Bxe7 Nf6 20. Bxd6 Qxd6 21. Ne4 Nxe4
22. dxe4 f6 23. Na5 Qd4 24. b4 Qb6 25. Nb3 Rbd8 26. Rd1 Kh8 27. Nc5 Bc8 28. Rf2
Rd6 29. Rfd2 Rfd8 30. Rd3 Qc7 31. R1d2 Rxd3 32. Rxd3 Rd4 33. Rxd4 exd4 34. Qd3
Qe5 35. h3 g6 36. g4 Kg7 37. Kg2 h5 38. Qf3 h4 39. fxg6 Kxg6 40. Nd3 Qc7 41. Nf4+
Kf7 42. g5 Qc2+ 43. Kg1 Qc1+ 44. Kh2 Qd2+ 45. Kh1 1/2-1/2

[Event "Ogolnopolska Olimpiada Mlodziezy w Sportach Umyslowych - C14"]
[Site "Walbrzych, Zamek Ksiaz"]
[Date "2013-04-17"]
[Round "9.7"]
[White "Belczewski, Jacek"]
[Black "Szostko, Jakub"]
[Result "0-1"]
[WhiteTitle "II+"]
[BlackTitle "I+"]
[WhiteElo "1650"]
[BlackElo "1858"]

1. d4 Nf6 2. c4 e6 3. Nf3 d5 4. Nc3 Bb4 5. Qc2 O-O 6. e3 c5 7. dxc5 Nbd7 8. Be2
Nxc5 9. O-O dxc4 10. Bxc4 Bxc3 11. Qxc3 b6 12. b4 Nce4 13. Qc2 Bb7 14. Bb2 Rc8
15. Qe2 Qe7 16. a3 Rfd8 17. Rad1 Rxd1 18. Rxd1 Ng4 19. Qd3 Qc7 20. Qd7 h6 21.
Bxe6 fxe6 22. Qxe6+ Qf7 23. Qxg4 Rc2 24. Rb1 Ng5 25. Qf4 Bxf3 26. Qb8+ Kh7 27.
gxf3 Qxf3 28. Qg3 Nh3+ 29. Kf1 Rxf2+ 30. Ke1 Qe2# 0-1

[Event "Ogolnopolska Olimpiada Mlodziezy w Sportach Umyslowych - C14"]
[Site "Walbrzych, Zamek Ksiaz"]
[Date "2013-04-17"]
[Round "9.8"]
[White "Wisniewski, Michal"]
[Black "Nowak, Kamil"]
[Result "0-1"]
[WhiteTitle "I"]
[BlackTitle "II+"]
[WhiteElo "1848"]
[BlackElo "1728"]

1. c4 c6 2. e4 d5 3. exd5 cxd5 4. cxd5 Nf6 5. Qa4+ Nbd7 6. Nc3 g6 7. Bc4 Bg7 8.
Nf3 O-O 9. d3 a6 10. Qa3 b6 11. O-O Bb7 12. Re1 Re8 13. Be3 Nf8 14. Bg5 N8d7 15.
Ne5 h6 16. Bxf6 Nxf6 17. d6 e6 18. d4 Bf8 19. Qb3 Qxd6 20. Rad1 b5 21. Bd3 b4
22. Na4 Qd5 23. Qxd5 Bxd5 24. Nb6 Rad8 25. Nxd5 exd5 26. Rc1 Rc8 27. Bxa6 Ra8
28. Rc6 Re6 29. Rec1 Rxa6 30. Rxe6 Rxe6 31. f3 Kg7 32. Rc7 Re7 33. Rc2 Ra7 34.
b3 Bd6 35. Nc6 Ra8 36. Ne5 Bxe5 37. dxe5 Nd7 38. e6 fxe6 39. Rc7 Rd8 40. Rb7 Kf6
41. Rxb4 Rc8 42. h3 Ne5 43. a4 Rc2 44. a5 Ra2 45. Rb5 d4 46. b4 d3 47. Kf1 Ra1+
0-1

[Event "Ogolnopolska Olimpiada Mlodziezy w Sportach Umyslowych - C14"]
[Site "Walbrzych, Zamek Ksiaz"]
[Date "2013-04-17"]
[Round "9.9"]
[White "Klepek, Witold"]
[Black "Fukowski, Pawel"]
[Result "0-1"]
[WhiteTitle "I"]
[BlackTitle "I"]
[WhiteElo "1739"]
[BlackElo "1641"]

1. Nf3 Nf6 2. e3 g6 3. b3 Bg7 4. Bb2 O-O 5. d4 d5 6. Bd3 Ne4 7. O-O Bg4 8. h3 Bxf3
9. Qxf3 f5 10. Qe2 Nd7 11. Nd2 e6 12. Nf3 a6 13. c4 c6 14. Ne5 Nxe5 15. dxe5 Qc7
16. cxd5 exd5 17. f4 Ng3 18. Qc2 Nxf1 19. Rxf1 c5 20. a4 Rac8 21. Rc1 Rfd8 22.
Qf2 Qd7 23. Ba3 Bf8 24. Bb2 b5 25. axb5 axb5 26. e6 Qxe6 27. Bxb5 Rb8 28. Ba4
Rb4 29. Qd2 Re4 30. Qc3 d4 31. exd4 cxd4 32. Qc7 Qe7 33. Qc4+ Kh8 34. Rd1 Bg7
35. b4 d3 36. Bxg7+ Qxg7 37. Qb3 Qd4+ 38. Kh2 Qxb4 39. Qa2 Qxa4 0-1